[Event "AUTO-ADV-339"]
[Site "http://www.queenalice.com/game.php?id=144402"]
[Date "2006.12.21"]
[Round "1"]
[White "razoman"]
[Black "alms"]
[Result "0-1"]
[WhiteElo "1675"]
[BlackElo "1900"]

1. e4 e5 2. Nf3 Nc6 3. d4 exd4 4. Nxd4 Bc5 5. c3 Nf6 6. Nxc6 bxc6 7. Bd3 O-O 8.
O-O d5 9. e5 Ng4 10. Qc2 Qh4 0-1

[Event "AUTO-ADV-339"]
[Site "http://www.queenalice.com/game.php?id=144403"]
[Date "2006.12.21"]
[Round "1"]
[White "alms"]
[Black "extinsion_extelar"]
[Result "1-0"]
[WhiteElo "1900"]
[BlackElo "1684"]

1. d4 Nf6 2. c4 e6 3. Nf3 d5 4. Bg5 Be7 5. Nc3 Bb4 6. e3 O-O 7. Bd3 Nbd7 8. O-O
Bxc3 9. bxc3 h6 10. Bh4 b6 11. cxd5 g5 12. dxe6 fxe6 13. Bg3 Nh5 14. Be5 1-0

[Event "AUTO-ADV-339"]
[Site "http://www.queenalice.com/game.php?id=144404"]
[Date "2006.12.21"]
[Round "1"]
[White "extinsion_extelar"]
[Black "alms"]
[Result "0-1"]
[WhiteElo "1895"]
[BlackElo "1910"]

1. e4 e5 2. Nf3 Nc6 3. Bb5 a6 4. Ba4 Nf6 5. O-O Be7 6. Re1 b5 7. Bb3 d6 8. c3
O-O 9. d4 Bg4 10. Nbd2 exd4 11. cxd4 Na5 12. d5 Nxb3 13. Nxb3 Nd7 14. Nbd4 Ne5
15. Bf4 Nxf3+ 16. gxf3 Bd7 17. Rc1 Bf6 18. Nc6 Bxc6 19. Rxc6 Bxb2 20. Qc2 Ba3
21. Rxc7 Bc5 22. Rc6 f6 23. Kh1 Qd7 24. Rg1 Rfc8 25. Rxc8+ Rxc8 26. Bh6 g6 27.
Qb2 Qe7 28. Rg4 Qe5 29. Qxe5 fxe5 30. Kg2 Bd4 31. f4 Rc2 32. f5 Rxf2+ 33. Kg3
Rxa2 34. fxg6 Ra3+ 35. Kg2 Ra2+ 36. Kh3 Ra3+ 37. Kg2 hxg6 38. Rxg6+ Kh7 39. Rxd6
b4 40. Bc1 Ra2+ 41. Kf3 b3 42. Rd7+ Kg8 43. Rb7 b2 44. Bxb2 Rxb2 45. Rxb2 Bxb2
46. h4 Ba3 47. Kg4 Kf7 48. Kf5 Bd6 49. h5 a5 50. h6 a4 51. h7 Kg7 52. Ke6 Bb8
53. d6 a3 54. d7 Bc7 55. Kd5 a2 56. Kc6 Bd8 57. Kd5 a1=Q 58. h8=Q+ Kxh8 0-1

[Event "Challenge"]
[Site "http://www.queenalice.com/game.php?id=147340"]
[Date "2006.12.28"]
[Round "-"]
[White "alms"]
[Black "blikinn"]
[Result "1/2-1/2"]
[WhiteElo "1907"]
[BlackElo "1934"]

1. d4 d5 2. c4 dxc4 3. Nf3 Nf6 4. e3 Be6 5. Nc3 c6 6. a4 Bd5 7. Nd2 Qa5 8. Nxc4
Qb4 9. Ne5 Ne4 10. Qd3 f6 11. Nc4 e6 12. f3 Nxc3 13. bxc3 Qxc4 14. Qxc4 Bxc4 15.
Bxc4 Kd7 16. Kf2 Bd6 17. e4 c5 18. Be3 Rc8 19. d5 exd5 20. exd5 Kc7 21. f4 Nd7
22. a5 Re8 23. Bd3 g6 24. g4 Re7 25. Rhe1 Rae8 26. Bd2 1/2-1/2

[Event "AUTO-ADV-306"]
[Site "http://www.queenalice.com/game.php?id=158902"]
[Date "2007.1.25"]
[Round "2"]
[White "marcosnatal"]
[Black "alms"]
[Result "1-0"]
[WhiteElo "2139"]
[BlackElo "1909"]

1. d4 d5 2. c4 e6 3. Nc3 Be7 4. Nf3 Nf6 5. e3 O-O 6. Bd3 c5 7. O-O cxd4 8. exd4
dxc4 9. Bxc4 b6 10. d5 exd5 11. Nxd5 Bb7 12. Nxe7+ Qxe7 13. Bf4 Nbd7 14. Bd6 1-0

[Event "AUTO-ADV-306"]
[Site "http://www.queenalice.com/game.php?id=158903"]
[Date "2007.1.25"]
[Round "2"]
[White "alms"]
[Black "marcosnatal"]
[Result "1/2-1/2"]
[WhiteElo "1922"]
[BlackElo "2274"]

1. d4 d5 2. c4 c6 3. Nf3 Bg4 4. e3 Nf6 5. Qb3 Qc7 6. cxd5 Bxf3 7. gxf3 cxd5 8.
Bb5+ Nc6 9. Nc3 e6 10. Bd2 Be7 11. O-O-O O-O 12. Kb1 a6 13. Bd3 Rfc8 14. Rc1 Bd6
15. Na4 b5 16. Nc5 Na5 17. Qd1 Nc4 18. Bxc4 bxc4 19. Bb4 Qb6 20. Ba3 Rab8 21.
Qd2 Qb5 22. Rc3 Nd7 23. Nxd7 Qxd7 24. f4 Bxa3 25. Rxa3 Rc6 26. Rc1 Rcb6 27. Rc2
h5 28. Ra5 1/2-1/2

[Event "AUTO-ADV-306"]
[Site "http://www.queenalice.com/game.php?id=158904"]
[Date "2007.1.25"]
[Round "2"]
[White "R_Mutt"]
[Black "alms"]
[Result "1/2-1/2"]
[WhiteElo "2096"]
[BlackElo "1902"]

1. e4 e5 2. f4 exf4 3. Nf3 g5 4. Nc3 g4 5. Ne5 Qh4+ 6. g3 fxg3 7. Qxg4 Qxg4 8.
Nxg4 d5 9. Ne3 d4 10. Ned5 dxc3 11. Nxc7+ Kd8 12. Nxa8 b6 13. dxc3 Bd6 14. Bg5+
f6 15. O-O-O Ke7 16. Be3 Bb7 17. Nxb6 axb6 1/2-1/2

[Event "AUTO-ADV-306"]
[Site "http://www.queenalice.com/game.php?id=158905"]
[Date "2007.1.25"]
[Round "2"]
[White "alms"]
[Black "R_Mutt"]
[Result "1/2-1/2"]
[WhiteElo "1904"]
[BlackElo "2091"]

1. d4 Nf6 2. c4 e6 3. Nf3 b6 4. a3 Bb7 5. Nc3 d5 6. cxd5 Nxd5 7. Qc2 Nxc3 8.
Qxc3 Be7 9. Bf4 O-O 10. Qxc7 Qxc7 11. Bxc7 Rc8 12. Bxb8 Raxb8 13. Kd2 1/2-1/2

[Event "Challenge"]
[Site "http://www.queenalice.com/game.php?id=161945"]
[Date "2007.2.1"]
[Round "-"]
[White "waldi"]
[Black "alms"]
[Result "1/2-1/2"]
[WhiteElo "1810"]
[BlackElo "1908"]

1. c4 e6 2. Nf3 d5 3. g3 Nf6 4. Bg2 Be7 5. O-O O-O 6. cxd5 exd5 7. d4 c6 8. Nc3
Bf5 9. Nh4 Be6 10. Bg5 Nbd7 1/2-1/2

[Event "AUTO-INT-220"]
[Site "http://www.queenalice.com/game.php?id=178705"]
[Date "2007.3.8"]
[Round "2"]
[White "Ze_Pereira"]
[Black "alms"]
[Result "0-1"]
[WhiteElo "1931"]
[BlackElo "1952"]

1. d4 e5 2. d5 Bc5 3. c4 d6 4. e4 Qh4 5. Qf3 Nf6 6. h3 Qxe4+ 7. Be2 O-O 8. Bg5
Qxf3 9. Nxf3 Nbd7 10. Nc3 a6 11. a4 h6 12. Bxf6 Nxf6 13. O-O Bf5 14. Rad1 Bb4
15. Na2 Bc5 16. b4 Bb6 17. a5 Ba7 18. Nc3 Bd7 19. Rfe1 Nh7 20. Nh4 g5 21. Nf3 f5
22. Rf1 h5 23. Kh1 g4 24. hxg4 hxg4 25. Nh4 Rf6 26. g3 Ng5 27. f4 gxf3 28. Bxf3
Rh6 29. Kg2 Nxf3 30. Nxf3 Kg7 31. Rh1 Rah8 32. Rxh6 Rxh6 33. Rh1 Rxh1 34. Kxh1
Kf6 35. Kg2 e4 36. Ne1 Ke5 37. Nc2 Bd4 38. Ne2 Bb2 39. Kf2 Ba4 40. Ne3 Bb3 41.
Ke1 Ba3 42. b5 Bb4+ 43. Kf2 Bxa5 44. bxa6 bxa6 45. g4 f4 46. Nf5 Bxc4 47. Ne7
Bb6+ 48. Ke1 Bxe2 49. Kxe2 f3+ 50. Kf1 Kf4 0-1

[Event "AUTO-INT-220"]
[Site "http://www.queenalice.com/game.php?id=178706"]
[Date "2007.3.8"]
[Round "2"]
[White "alms"]
[Black "Ze_Pereira"]
[Result "1-0"]
[WhiteElo "1936"]
[BlackElo "1932"]

1. d4 d5 2. c4 e5 3. dxe5 d4 4. Nf3 Nc6 5. g3 Bg4 6. Bg2 Bb4+ 7. Nbd2 d3 8. O-O
Nge7 9. h3 Bxd2 10. hxg4 dxe2 11. Qxe2 Bxc1 12. Raxc1 O-O 13. Rfd1 Qc8 14. Nd4
Re8 15. f4 Nxd4 16. Rxd4 c6 17. Rcd1 Qc7 18. Qd2 Qb6 19. Bf3 h5 20. Kg2 hxg4 21.
Bxg4 Ng6 22. Bf5 Ne7 23. Be4 Rab8 24. a3 c5 25. Rd7 Nc6 26. Bd5 Rf8 27. e6 fxe6
28. Bxe6+ Kh7 29. Qd3+ 1-0

[Event "AUTO-INT-220"]
[Site "http://www.queenalice.com/game.php?id=178707"]
[Date "2007.3.8"]
[Round "2"]
[White "MadScot"]
[Black "alms"]
[Result "1/2-1/2"]
[WhiteElo "1812"]
[BlackElo "1931"]

1. e4 e5 2. Nf3 d6 3. d4 Nf6 4. dxe5 Nxe4 5. Qd5 Nc5 6. Bg5 Qd7 7. exd6 Bxd6 8.
Nc3 Qe6+ 9. Be3 Qxd5 10. Nxd5 Ne6 11. O-O-O O-O 12. Bc4 Nc6 13. Rhe1 Ne7 14.
Nxe7+ Bxe7 15. Re2 Bf6 16. Red2 c6 1/2-1/2

[Event "AUTO-INT-220"]
[Site "http://www.queenalice.com/game.php?id=178708"]
[Date "2007.3.8"]
[Round "2"]
[White "alms"]
[Black "MadScot"]
[Result "1/2-1/2"]
[WhiteElo "1926"]
[BlackElo "1817"]

1. e4 c6 2. c4 d5 3. exd5 cxd5 4. cxd5 Qxd5 5. Nc3 Qd6 6. Nf3 Nf6 7. Bc4 Be6 8.
Be2 g6 9. d4 Bg7 10. O-O O-O 11. Nb5 Qb6 12. a4 Nc6 13. Be3 Nd5 14. Ng5 Nxe3 15.
fxe3 Bf5 16. Bd3 Bxd3 17. Qxd3 1/2-1/2

[Event "AUTO-INT-224"]
[Site "http://www.queenalice.com/game.php?id=185980"]
[Date "2007.3.22"]
[Round "2"]
[White "julie"]
[Black "alms"]
[Result "0-1"]
[WhiteElo "1439"]
[BlackElo "1969"]

1. e4 e5 2. Nh3 Nc6 3. Qf3 Nf6 4. Bc4 Bc5 5. O-O O-O 6. d3 Nd4 7. Qd1 d5 8. c3
dxc4 9. cxd4 Bxd4 10. Na3 Bxh3 11. gxh3 cxd3 0-1

[Event "AUTO-INT-224"]
[Site "http://www.queenalice.com/game.php?id=185981"]
[Date "2007.3.22"]
[Round "2"]
[White "alms"]
[Black "julie"]
[Result "1-0"]
[WhiteElo "1967"]
[BlackElo "1441"]

1. e4 e5 2. Nf3 f6 3. Nxe5 fxe5 4. Qh5+ g6 5. Qxe5+ Kf7 6. Bc4+ d5 7. Bxd5+ Qxd5
8. Qxd5+ Be6 9. Qxb7 Nd7 10. Qxa8 Nb6 11. Qxa7 Bd6 12. d4 1-0